[Event "Quebec Montcalm op 4 2018-19"]
[Site "Quebec"]
[Date "2019.02.07"]
[Round "5"]
[White "Labrecque, Rejean"]
[Black "Dube, Daniel"]
[Result "1-0"]
[WhiteElo "1857"]
[BlackElo "1843"]
[PlyCount "135"]
[EventDate "2019.01.10"]
[EventType "swiss"]
[EventRounds "5"]
[EventCountry "CAN"]
[SourceTitle "EXT 2022"]
[Source "ChessBase"]
[SourceDate "2021.10.06"]
[SourceVersion "1"]
[SourceVersionDate "2021.10.06"]
[SourceQuality "1"]

1. d4 g6 2. e4 Bg7 3. Nf3 d6 4. Be2 b6 5. 0-0 Bb7 6. Nc3 e6 7. Bg5 Ne7 8. Qd2 h6 9. Be3 a6 10. Rad1 Nd7 11. h3 g5 12. Nh2 e5 13. dxe5 dxe5 14. Bg4 Nf6 15. Qe2 Qb8 16. Qd2 0-0 17. Bf3 Rd8 18. Qe2 Ng6 19. Rxd8+ Qxd8 20. Rd1 Qe8 21. Ng4 Nxg4 22. Bxg4 Nf4 23. Qd2 Bc6 24. Bd7 Bxd7 25. Qxd7 Rc8 26. Qxe8+ Rxe8 27. Rd7 Rc8 28. Bxf4 exf4 29. Nd5 Kf8 30. Rxc7 Re8 31. c3 Rxe4 32. Rc8+ Re8 33. Rxe8+ Kxe8 34. Nxb6 Ke7 35. Kf1 Kd6 36. Nc4+ Kc5 37. Nd2 a5 38. Ke2 a4 39. Kd3 f5 40. b3 h5 41. Nf3 g4 42. hxg4 fxg4 43. Ng5 Kd5 44. c4+ Ke5 45. Ne4 h4 46. Nd2 Bf8 47. bxa4 Bc5 48. Ke2 Kd4 49. a5 Ba7 50. a6 Bb8 51. Kf1 Kd3 52. c5 h3 53. gxh3 gxh3 54. Nf3 Ke4 55. c6 Kxf3 56. Kg1 Ba7 57. c7 Bxf2+ 58. Kh1 Be3 59. c8Q Kg3 60. Qg8+ Kf2 61. Qg1+ Kf3 62. Qf1+ Kg3 63. Qe1+ Kf3 64. Kh2 Kg4 65. Qe2+ Kh4 66. Qf3 Kg5 67. Kxh3 Kf5 68. Kg2 1-0

[Event "Ste Foy Euwe"]
[Site "Ste Foy"]
[Date "2019.01.12"]
[Round "1"]
[White "Dube, Daniel"]
[Black "Desbiens, Raphael"]
[Result "0-1"]
[WhiteElo "1843"]
[BlackElo "2167"]
[PlyCount "86"]
[EventDate "2019.01.12"]
[EventType "swiss"]
[EventRounds "5"]
[EventCountry "CAN"]
[SourceTitle "EXT 2022"]
[Source "ChessBase"]
[SourceDate "2021.10.06"]
[SourceVersion "1"]
[SourceVersionDate "2021.10.06"]
[SourceQuality "1"]

1. d4 Nf6 2. c4 g6 3. Nc3 Bg7 4. e4 d6 5. Nf3 0-0 6. h3 c5 7. Be2 cxd4 8. Nxd4 Nc6 9. Be3 Bd7 10. 0-0 Rc8 11. Rc1 a6 12. Qd2 Nxd4 13. Bxd4 Bc6 14. Qe3 Nd7 15. Bxg7 Kxg7 16. Bg4 Qa5 17. Bxd7 Bxd7 18. b3 Bc6 19. Rfd1 b5 20. cxb5 axb5 21. Nd5 Bxd5 22. Rxc8 Rxc8 23. Rxd5 Qxa2 24. e5 Rc5 25. Rxc5 dxc5 26. Qxc5 Qxb3 27. Qxe7 Qe6 28. Qc5 Qc4 29. Qe7 h6 30. Qf6+ Kh7 31. f4 Qe6 32. Qd8 b4 33. Qb8 b3 34. Qb7 Qc4 35. Kh1 Qc1+ 36. Kh2 Qxf4+ 37. Kh1 Qc4 38. Kh2 Kg7 39. Qb6 Qf4+ 40. Kh1 Qc1+ 41. Kh2 b2 42. Qf6+ Kg8 43. e6 Qc7+ 0-1

[Event "Ste Foy Tal"]
[Site "Ste Foy"]
[Date "2018.12.08"]
[Round "3"]
[White "Chouinard, Etienne"]
[Black "Dube, Daniel"]
[Result "1/2-1/2"]
[WhiteElo "1880"]
[BlackElo "1856"]
[PlyCount "82"]
[EventDate "2018.11.24"]
[EventType "swiss"]
[EventRounds "4"]
[EventCountry "CAN"]
[SourceTitle "EXT 2022"]
[Source "ChessBase"]
[SourceDate "2021.10.06"]
[SourceVersion "1"]
[SourceVersionDate "2021.10.06"]
[SourceQuality "1"]

1. e4 Nf6 2. Nc3 d5 3. e5 Nfd7 4. d4 c5 5. Be3 e6 6. f4 cxd4 7. Bxd4 Nc6 8. Nf3 Nxd4 9. Nxd4 Bc5 10. Nb3 Bb4 11. Qd4 Qb6 12. Qxb6 Bxc3+ 13. bxc3 Nxb6 14. Bb5+ Bd7 15. Bxd7+ Nxd7 16. Kd2 b6 17. Rae1 Rc8 18. Rhf1 g6 19. g4 h5 20. g5 Nc5 21. Nxc5 Rxc5 22. Rb1 Ke7 23. Rb4 Rhc8 24. Rf3 R8c6 25. Rd3 Rc4 26. Rxc4 Rxc4 27. Rd4 Kd7 28. Kd3 b5 29. Rxc4 bxc4+ 30. Kd4 Kc6 31. a4 Kb6 32. h4 Ka5 33. Kc5 Kxa4 34. Kd6 a5 35. Ke7 Kb5 36. Kxf7 a4 37. f5 gxf5 38. g6 a3 39. g7 a2 40. g8Q a1Q 41. Qb8+ Kc6 1/2-1/2

[Event "Quebec Millenium"]
[Site "Quebec"]
[Date "2018.11.07"]
[Round "5"]
[White "Dube, Daniel"]
[Black "Beauchesne, Jonathan"]
[Result "0-1"]
[WhiteElo "1819"]
[BlackElo "1783"]
[PlyCount "62"]
[EventDate "2018.10.10"]
[EventType "swiss"]
[EventRounds "5"]
[EventCountry "CAN"]
[SourceTitle "EXT 2022"]
[Source "ChessBase"]
[SourceDate "2021.10.06"]
[SourceVersion "1"]
[SourceVersionDate "2021.10.06"]
[SourceQuality "1"]

1. e4 c5 2. Nf3 d6 3. d4 cxd4 4. Nxd4 Nf6 5. Nc3 g6 6. f4 Bg7 7. e5 dxe5 8. fxe5 Nh5 9. Bb5+ Bd7 10. e6 Bxb5 11. exf7+ Kxf7 12. Qf3+ Bf6 13. Ndxb5 Nc6 14. Be3 a6 15. Rd1 Qc8 16. Nd4 Nxd4 17. Bxd4 Rf8 18. g4 Kg7 19. Qf2 Qxg4 20. Rg1 Qe6+ 21. Kd2 Rad8 22. Kc1 Rxd4 23. Rxd4 Bg5+ 24. Rxg5 Rxf2 25. Re4 Qd6 26. Rd5 Rf1+ 27. Kd2 Qxh2+ 28. Ne2 Rf7 29. Rb4 Nf4 30. Re5 Nxe2 31. Rxe2 Qd6+ 0-1

[Event "Quebec Montcalm op 2 2018-19"]
[Site "Quebec"]
[Date "2018.10.11"]
[Round "1"]
[White "Sauve, Richard"]
[Black "Dube, Daniel"]
[Result "0-1"]
[WhiteElo "1842"]
[BlackElo "1764"]
[PlyCount "116"]
[EventDate "2018.10.11"]
[EventType "swiss"]
[EventRounds "5"]
[EventCountry "CAN"]
[SourceTitle "EXT 2022"]
[Source "ChessBase"]
[SourceDate "2021.10.06"]
[SourceVersion "1"]
[SourceVersionDate "2021.10.06"]
[SourceQuality "1"]

1. d4 Nf6 2. c4 e6 3. Nc3 Bb4 4. Qc2 d5 5. a3 Bxc3+ 6. Qxc3 dxc4 7. Qxc4 b6 8. Nf3 Ba6 9. Qc2 0-0 10. g3 Bb7 11. Bg2 Be4 12. Qd1 Nbd7 13. 0-0 c5 14. dxc5 Nxc5 15. Qxd8 Rfxd8 16. Bg5 h6 17. Bxf6 gxf6 18. Rad1 Nb3 19. Rfe1 Rac8 20. h4 Kf8 21. Nh2 Bxg2 22. Kxg2 Rxd1 23. Rxd1 Rc2 24. Rd8+ Kg7 25. Ra8 Rxe2 26. Rxa7 Rxb2 27. a4 Na5 28. Nf3 Rb4 29. Ra6 e5 30. h5 Nc6 31. Nh4 Nd4 32. a5 b5 33. Rb6 Ra4 34. a6 b4 35. Nf3 Ne6 36. a7 Rxa7 37. Rxb4 Rd7 38. Nh4 Nd4 39. Nf3 Rd5 40. g4 f5 41. Nxd4 exd4 42. Kf3 d3 43. Rb1 d2 44. Rd1 fxg4+ 45. Kxg4 Kf6 46. f4 Rd4 47. Kf3 Kf5 48. Ke3 Rd7 49. Kf3 f6 50. Ke3 Kg4 51. Ke4 f5+ 52. Ke5 Rd3 53. Kf6 Kxf4 54. Kg6 Rd6+ 55. Kg7 Ke3 56. Rg1 d1Q 57. Rxd1 Rxd1 58. Kxh6 f4 0-1

[Event "Quebec Montcalm op 1 2018-19"]
[Site "Quebec"]
[Date "2018.09.27"]
[Round "4"]
[White "Dumont, Eric"]
[Black "Dube, Daniel"]
[Result "1-0"]
[WhiteElo "1661"]
[BlackElo "1843"]
[PlyCount "63"]
[EventDate "2018.09.06"]
[EventType "swiss"]
[EventRounds "5"]
[EventCountry "CAN"]
[SourceTitle "EXT 2022"]
[Source "ChessBase"]
[SourceDate "2021.10.06"]
[SourceVersion "1"]
[SourceVersionDate "2021.10.06"]
[SourceQuality "1"]

1. d4 f5 2. Bf4 Nf6 3. e3 g6 4. Nf3 d6 5. c4 Bg7 6. Nc3 0-0 7. Be2 h6 8. h4 a5 9. Qc2 Nc6 10. a3 Nh5 11. Bh2 Nf6 12. Bf4 Bd7 13. 0-0 a4 14. Rad1 Na5 15. Nxa4 Kh7 16. Nc3 Nh5 17. Bh2 e6 18. c5 d5 19. Nb5 Bxb5 20. Bxb5 Nc6 21. Be2 Bf6 22. g3 Rg8 23. Kh1 g5 24. hxg5 Bxg5 25. g4 Ng7 26. Nxg5+ hxg5 27. Kg2 Kg6 28. Rh1 Qe7 29. Bg3 Kf7 30. Rh7 Raf8 31. gxf5 exf5 32. Bh5+ 1-0

[Event "Quebec Montcalm op 1 2018-19"]
[Site "Quebec"]
[Date "2018.09.20"]
[Round "3"]
[White "Dube, Daniel"]
[Black "Leblanc Legault, Mathieu"]
[Result "0-1"]
[WhiteElo "1843"]
[BlackElo "1694"]
[PlyCount "168"]
[EventDate "2018.09.06"]
[EventType "swiss"]
[EventRounds "5"]
[EventCountry "CAN"]
[SourceTitle "EXT 2022"]
[Source "ChessBase"]
[SourceDate "2021.10.06"]
[SourceVersion "1"]
[SourceVersionDate "2021.10.06"]
[SourceQuality "1"]

1. d4 d5 2. Nf3 Nf6 3. g3 c6 4. Bg2 Bf5 5. 0-0 h6 6. c4 e6 7. Nc3 Be7 8. Ne5 0-0 9. f3 c5 10. e4 Bh7 11. cxd5 exd5 12. Nxd5 Nxd5 13. exd5 Qxd5 14. f4 Be4 15. Bxe4 Qxe4 16. Qf3 Qxf3 17. Nxf3 cxd4 18. Nxd4 Bc5 19. Be3 Nc6 20. Nf5 Bxe3+ 21. Nxe3 Rfe8 22. Nc4 Re2 23. Rf2 Rae8 24. Nd6 Rxf2 25. Kxf2 Rd8 26. Rd1 Rd7 27. Rd2 Kf8 28. Kf3 g6 29. g4 Ke7 30. Nc4 Nd4+ 31. Ke3 Nc6 32. Rxd7+ Kxd7 33. Ke4 f6 34. h4 b5 35. Ne3 Ne7 36. f5 Kc6 37. b4 g5 38. hxg5 hxg5 39. Nf1 Nd5 40. a3 Kd6 41. Kd4 Kc6 42. Ng3 Nb6 43. Nh5 Nd7 44. Ng7 Ne5 45. Ne6 Nxg4 46. Ke4 Ne5 47. Nxg5 Nc4 48. Nh7 Nd6+ 49. Kf4 Ne8 50. Ke4 Kd6 51. Nf8 Ng7 52. Ng6 Nh5 53. Nf8 Ng3+ 54. Kf4 Ne2+ 55. Ke3 Nc3 56. Kd4 Nb1 57. Ne6 Nxa3 58. Ng7 Nc2+ 59. Kc3 Ne3 60. Kd4 Nd5 61. Nh5 Kc6 62. Ke4 Kd6 63. Kd4 Nxb4 64. Nxf6 Nc6+ 65. Kc3 Ke5 66. Nd7+ Kxf5 67. Nc5 Ke5 68. Nb3 Kd5 69. Nc1 a5 70. Kb3 Kd4 71. Ne2+ Kc5 72. Nf4 Nd4+ 73. Ka3 Kc4 74. Ng2 Nc2+ 75. Kb2 Nb4 76. Ne3+ Kd3 77. Nf5 Nc6 78. Nd6 b4 79. Kb3 Nd4+ 80. Ka4 b3 81. Ka3 Kc2 82. Nc4 Kc3 83. Nb6 Nc2+ 84. Ka4 b2 0-1

[Event "Ste Foy Botwinnik"]
[Site "Ste Foy"]
[Date "2018.09.08"]
[Round "1"]
[White "Auger, Bertrand"]
[Black "Dube, Daniel"]
[Result "1-0"]
[WhiteElo "1924"]
[BlackElo "1819"]
[PlyCount "103"]
[EventDate "2018.09.08"]
[EventType "swiss"]
[EventRounds "5"]
[EventCountry "CAN"]
[SourceTitle "EXT 2022"]
[Source "ChessBase"]
[SourceDate "2021.10.06"]
[SourceVersion "1"]
[SourceVersionDate "2021.10.06"]
[SourceQuality "1"]

1. Nf3 c5 2. g3 Nc6 3. d4 cxd4 4. Nxd4 g6 5. Bg2 Bg7 6. Nxc6 dxc6 7. Qxd8+ Kxd8 8. c4 Be6 9. Na3 h5 10. h3 Nh6 11. e4 f5 12. 0-0 fxe4 13. Re1 Bf5 14. Nc2 Nf7 15. c5 Ne5 16. Bxe4 Bxh3 17. Bf4 Nd7 18. Bxg6 e5 19. Bg5+ Kc7 20. b4 b6 21. b5 Nxc5 22. bxc6 Ne6 23. Be3 h4 24. Nb4 Rad8 25. Be4 hxg3 26. fxg3 Bh6 27. Nd5+ Rxd5 28. Bxd5 Bg7 29. Rad1 Nd8 30. Rc1 Be6 31. Be4 Bh6 32. a4 Nf7 33. a5 Nd6 34. axb6+ axb6 35. Bg2 Bg7 36. Ra1 Nc8 37. Be4 b5 38. Ra5 Bc4 39. Rd1 Rd8 40. Rxd8 Kxd8 41. g4 Bf8 42. g5 Nd6 43. Bb6+ Ke7 44. Bc5 Ke6 45. c7 Kd7 46. Ra8 Kxc7 47. g6 Nxe4 48. Bxf8 Nc3 49. g7 e4 50. Bc5 Kc6 51. Bb4 e3 52. Rc8+ 1-0

[Event "Ste Foy Jeudi 2"]
[Site "Ste Foy"]
[Date "2018.07.26"]
[Round "1"]
[White "Gervais, Emile"]
[Black "Dube, Daniel"]
[Result "0-1"]
[WhiteElo "1545"]
[BlackElo "1839"]
[PlyCount "94"]
[EventDate "2018.07.26"]
[EventType "swiss"]
[EventRounds "5"]
[EventCountry "CAN"]
[SourceTitle "EXT 2022"]
[Source "ChessBase"]
[SourceDate "2021.10.06"]
[SourceVersion "1"]
[SourceVersionDate "2021.10.06"]
[SourceQuality "1"]

1. e4 Nf6 2. Nc3 d5 3. exd5 Nxd5 4. Bc4 c6 5. Qf3 e6 6. Nge2 Nd7 7. d4 Qf6 8. Qe4 N7b6 9. Bb3 Bb4 10. Bd2 a5 11. a3 Be7 12. 0-0 a4 13. Ba2 Qg6 14. Nf4 Nxc3 15. Qxg6 hxg6 16. Bxc3 Bd6 17. Nh3 Nd5 18. Bd2 Bd7 19. f4 Bc7 20. c4 Nf6 21. Ng5 0-0 22. Rfe1 Bb6 23. Nf3 Rad8 24. Bc3 c5 25. d5 exd5 26. cxd5 c4+ 27. Kf1 Nxd5 28. Bd4 Bxd4 29. Nxd4 Rfe8 30. g3 b5 31. Kf2 Nf6 32. Rad1 Ne4+ 33. Kg1 Bg4 34. Rc1 Rxd4 35. Bb1 f5 36. Re3 Rd2 37. Rce1 Bh3 38. R3e2 Rxe2 39. Rxe2 Nf6 40. Rxe8+ Nxe8 41. Kf2 Kf7 42. Bc2 Ke6 43. Bd1 Bg4 44. Bxg4 fxg4 45. Ke3 Kd5 46. Kd2 Kd4 47. Ke2 c3 0-1

[Event "Canadian op"]
[Site "Quebec"]
[Date "2018.07.10"]
[Round "5"]
[White "Dube, Daniel"]
[Black "Bernatchez, Dan"]
[Result "0-1"]
[WhiteElo "1664"]
[BlackElo "1793"]
[PlyCount "72"]
[EventDate "2018.07.07"]
[EventType "swiss"]
[EventRounds "9"]
[EventCountry "CAN"]
[SourceTitle "EXT 2019"]
[Source "ChessBase"]
[SourceDate "2018.10.10"]
[SourceVersion "1"]
[SourceVersionDate "2018.10.10"]
[SourceQuality "1"]

1. d4 Nf6 2. c4 e6 3. Nf3 b6 4. a3 Bb7 5. Nc3 d5 6. cxd5 exd5 7. Bf4 Bd6 8. Bxd6 Qxd6 9. e3 Ne4 10. Qc2 Qe7 11. Bd3 Nd7 12. 0-0 0-0 13. Rfe1 f5 14. Nd2 Qh4 15. g3 Qh5 16. Ndxe4 fxe4 17. Bf1 Rf6 18. Qe2 Qf5 19. Bg2 a5 20. b4 c5 21. bxc5 bxc5 22. Rab1 Ba6 23. Qa2 Bc4 24. Qd2 Bd3 25. Rb7 cxd4 26. exd4 Nb6 27. Nd1 Nc4 28. Qa2 Raf8 29. Bf1 Bxf1 30. Rxf1 Qg5 31. Re1 Nd2 32. Re3 Rxf2 33. Nxf2 Qxe3 34. Qxd5+ Kh8 35. Qf7 Qe1+ 36. Kg2 Qf1# 0-1

[Event "Canadian op"]
[Site "Quebec"]
[Date "2018.07.08"]
[Round "2"]
[White "Saha, Ananda"]
[Black "Dube, Daniel"]
[Result "1-0"]
[WhiteElo "1950"]
[BlackElo "1664"]
[PlyCount "51"]
[EventDate "2018.07.07"]
[EventType "swiss"]
[EventRounds "9"]
[EventCountry "CAN"]
[SourceTitle "EXT 2019"]
[Source "ChessBase"]
[SourceDate "2018.10.10"]
[SourceVersion "1"]
[SourceVersionDate "2018.10.10"]
[SourceQuality "1"]

1. d4 d6 2. Nf3 Nf6 3. c4 g6 4. Nc3 Bg7 5. Bg5 Nbd7 6. e3 0-0 7. Be2 c6 8. 0-0 h6 9. Bh4 g5 10. Bg3 Nh5 11. Qc2 Nxg3 12. hxg3 e6 13. Rfd1 d5 14. Bd3 f5 15. cxd5 exd5 16. Bxf5 Qf6 17. g4 h5 18. e4 hxg4 19. Bxg4 dxe4 20. Nxe4 Qf4 21. Be6+ Kh8 22. Nexg5 Nf6 23. g3 Qc7 24. Kg2 Bh6 25. Rh1 Kg7 26. Ne5 1-0

[Event "Trois-Rivieres op"]
[Site "Trois Rivieres"]
[Date "2018.03.16"]
[Round "1.17"]
[White "Dube, Daniel"]
[Black "Ouellet, Maili Jade"]
[Result "0-1"]
[WhiteElo "1871"]
[BlackElo "2173"]
[PlyCount "56"]
[EventDate "2018.03.16"]
[EventType "swiss"]
[EventRounds "5"]
[EventCountry "CAN"]
[SourceTitle "EXT 2022"]
[Source "ChessBase"]
[SourceDate "2021.10.06"]
[SourceVersion "1"]
[SourceVersionDate "2021.10.06"]
[SourceQuality "1"]

1. d4 d5 2. Nf3 Nf6 3. Bf4 c6 4. e3 Bf5 5. Bd3 Bxd3 6. cxd3 g6 7. Nc3 Bg7 8. Be5 Nbd7 9. 0-0 0-0 10. b4 Nxe5 11. Nxe5 Qd6 12. Qb3 Rac8 13. Qa3 Rfd8 14. Rab1 Qb8 15. Rfc1 Ne8 16. f4 a6 17. Qb3 Nd6 18. Na4 Nf5 19. Kf2 g5 20. Nb6 gxf4 21. Nxc8 fxe3+ 22. Kg1 Nxd4 23. Nxe7+ Kf8 24. N7xc6 bxc6 25. Nxc6 Nxb3 26. Nxb8 Nxc1 27. Nc6 Ne2+ 28. Kf1 Nc3 0-1

[Event "Quebec Montcalm op 4 2017-18"]
[Site "Quebec"]
[Date "2018.01.25"]
[Round "3"]
[White "Cummins, Paul"]
[Black "Dube, Daniel"]
[Result "1-0"]
[WhiteElo "1736"]
[BlackElo "1916"]
[PlyCount "101"]
[EventDate "2018.01.11"]
[EventType "swiss"]
[EventRounds "5"]
[EventCountry "CAN"]
[SourceTitle "EXT 2022"]
[Source "ChessBase"]
[SourceDate "2021.10.06"]
[SourceVersion "1"]
[SourceVersionDate "2021.10.06"]
[SourceQuality "1"]

1. e4 e5 2. Nf3 Nc6 3. Bc4 Nf6 4. d3 h6 5. c3 d6 6. h3 Be7 7. Be3 Be6 8. Bb5 0-0 9. Nbd2 Nh7 10. Nf1 Ng5 11. Nxg5 Bxg5 12. Qe2 f5 13. exf5 Bxf5 14. Ng3 d5 15. Nxf5 Rxf5 16. g4 Rf7 17. 0-0-0 a6 18. Ba4 b5 19. Bc2 b4 20. Ba4 Bxe3+ 21. fxe3 Qd6 22. c4 Qc5 23. Kb1 dxc4 24. dxc4 Raf8 25. Rd5 Qb6 26. Bb3 Kh8 27. c5 Qb7 28. g5 Na5 29. Rhd1 Nxb3 30. axb3 Qc6 31. gxh6 Qxh6 32. Rxe5 Qg6+ 33. Ka2 Rf3 34. Qc4 Rxh3 35. Re4 a5 36. Rdd4 Rh6 37. Rh4 Kh7 38. Rxh6+ gxh6 39. Rd7+ Kh8 40. Rxc7 h5 41. Qd4+ Qf6 42. Qe4 Rf7 43. Qe8+ Kg7 44. Rxf7+ Qxf7 45. Qe5+ Kg6 46. c6 a4 47. Qe4+ Kg7 48. Qxb4 axb3+ 49. Qxb3 Qa7+ 50. Kb1 Qc5 51. Qc3+ 1-0

[Event "Quebec op"]
[Site "Quebec"]
[Date "2017.08.17"]
[Round "7"]
[White "Sprumont, Oscar"]
[Black "Dube, Daniel"]
[Result "1-0"]
[WhiteElo "2061"]
[BlackElo "1623"]
[PlyCount "71"]
[EventDate "2017.08.12"]
[EventType "swiss"]
[EventRounds "9"]
[EventCountry "CAN"]
[SourceTitle "CBM 180 Extra"]
[Source "ChessBase"]
[SourceDate "2017.10.06"]
[SourceVersion "1"]
[SourceVersionDate "2017.10.06"]
[SourceQuality "1"]

1. Nf3 Nf6 2. c4 c5 3. Nc3 d5 4. cxd5 Nxd5 5. g3 Nc6 6. Bg2 Nc7 7. 0-0 e5 8. a3 Rb8 9. Rb1 f6 10. Ne1 Bd7 11. Nc2 Be7 12. b4 cxb4 13. axb4 b5 14. d3 a5 15. bxa5 b4 16. Nd5 Nxd5 17. Bxd5 Qxa5 18. e4 h5 19. d4 Nxd4 20. Nxd4 exd4 21. Qxd4 Bc5 22. Qc4 Rc8 23. Qb3 h4 24. Bf4 Qb6 25. Rb2 g5 26. Be3 hxg3 27. hxg3 Bg4 28. Bf7+ Kf8 29. Bxc5+ Qxc5 30. Be6 Bxe6 31. Qxe6 Rc6 32. Qb3 Rb6 33. Rc2 Qe7 34. Rfc1 Qe6 35. Rc8+ Kg7 36. R1c7+ 1-0

[Event "Ste Foy Jeudi 1"]
[Site "Ste Foy"]
[Date "2017.06.01"]
[Round "1"]
[White "Genest, Dominic"]
[Black "Dube, Daniel"]
[Result "1/2-1/2"]
[WhiteElo "1711"]
[BlackElo "1990"]
[PlyCount "110"]
[EventDate "2017.06.01"]
[EventType "swiss"]
[EventRounds "5"]
[EventCountry "CAN"]
[SourceTitle "EXT 2022"]
[Source "ChessBase"]
[SourceDate "2021.10.06"]
[SourceVersion "1"]
[SourceVersionDate "2021.10.06"]
[SourceQuality "1"]

1. c4 e5 2. Nc3 Nc6 3. g3 f5 4. Bg2 Nf6 5. d3 Bb4 6. Bd2 Bxc3 7. Bxc3 d6 8. Nf3 0-0 9. b4 Qe8 10. b5 Ne7 11. Qd2 f4 12. gxf4 exf4 13. Nd4 Ng6 14. 0-0-0 a6 15. a4 axb5 16. axb5 Ng4 17. Rdf1 N4e5 18. Kb2 c6 19. Ra1 Rxa1 20. Rxa1 Bd7 21. bxc6 bxc6 22. h3 Nh4 23. Be4 Qb8+ 24. Kc2 c5 25. Bd5+ Kh8 26. Ra8 Qxa8 27. Bxa8 cxd4 28. Bxd4 Rxa8 29. Qxf4 Nhg6 30. Qg3 Rf8 31. h4 Rf5 32. f3 Nf4 33. Bxe5 dxe5 34. Qf2 Ne6 35. Qa7 Nf8 36. Kd2 h5 37. Qc7 g5 38. e4 Rxf3 39. Qxe5+ Kh7 40. Qxg5 Bg4 41. Qe7+ Kg6 42. c5 Ne6 43. c6 Nf4 44. Qg5+ Kf7 45. Qxg4 hxg4 46. c7 g3 47. c8Q g2 48. Qf5+ Ke8 49. Qe5+ Kd8 50. Qh8+ Kc7 51. Qg7+ Kb6 52. Qf6+ Ka5 53. Qe5+ Kb6 54. Qd6+ Kb7 55. Qd7+ Kb6 1/2-1/2

[Event "Montcalm-ch"]
[Site "Quebec"]
[Date "2017.05.11"]
[Round "3"]
[White "Dube, Daniel"]
[Black "Lessard, Claude"]
[Result "1/2-1/2"]
[WhiteElo "1950"]
[BlackElo "2123"]
[PlyCount "119"]
[EventDate "2017.04.27"]
[EventType "tourn"]
[EventRounds "5"]
[EventCountry "CAN"]
[SourceTitle "EXT 2022"]
[Source "ChessBase"]
[SourceDate "2021.10.06"]
[SourceVersion "1"]
[SourceVersionDate "2021.10.06"]
[SourceQuality "1"]

1. e4 c6 2. d4 d5 3. e5 c5 4. dxc5 e6 5. a3 Bxc5 6. b4 Bb6 7. Nf3 Nc6 8. Bb2 Nh6 9. Bd3 Nf5 10. 0-0 a5 11. b5 Nce7 12. a4 Ng6 13. c4 dxc4 14. Bxc4 0-0 15. Qb3 Bc5 16. Nbd2 b6 17. Ne4 Bb4 18. Rfd1 Qe7 19. Ba3 Bb7 20. Bxb4 Qxb4 21. Re1 Qxb3 22. Bxb3 Rfd8 23. Bc4 Rac8 24. Bf1 Rc2 25. Ned2 Rdxd2 26. Nxd2 Rxd2 27. g3 Nd4 28. Bg2 Nf3+ 29. Bxf3 Bxf3 30. Re3 Bd5 31. Rc3 h5 32. Rc8+ Kh7 33. Rb8 Nxe5 34. Rxb6 Nf3+ 35. Kf1 Nxh2+ 36. Ke1 Nf3+ 37. Kf1 Bc4+ 38. Kg2 Ng5 39. Ra6 Ne4 40. Rxa5 Bd5 41. b6 Rb2 42. Rxd5 exd5 43. a5 Nc5 44. a6 Nxa6 45. Rxa6 Rb5 46. Kf3 g5 47. Ra7 Rxb6 48. Rxf7+ Kg6 49. Rd7 Rb3+ 50. Kg2 Rd3 51. Rd6+ Kf5 52. Rh6 Ra3 53. Rxh5 Kg6 54. Rh8 g4 55. Rg8+ Kf5 56. Rf8+ Ke5 57. Kf1 Ra2 58. Rf4 Ra1+ 59. Ke2 Ra2+ 60. Kd3 1/2-1/2

[Event "Ste Foy Petrossian"]
[Site "Ste Foy"]
[Date "2017.04.08"]
[Round "2"]
[White "Dube, Daniel"]
[Black "Sarra Bournet, Marc"]
[Result "1/2-1/2"]
[WhiteElo "1890"]
[BlackElo "1787"]
[PlyCount "199"]
[EventDate "2017.04.01"]
[EventType "swiss"]
[EventRounds "5"]
[EventCountry "CAN"]
[SourceTitle "EXT 2022"]
[Source "ChessBase"]
[SourceDate "2021.10.06"]
[SourceVersion "1"]
[SourceVersionDate "2021.10.06"]
[SourceQuality "1"]

1. d4 d5 2. c4 e6 3. Nc3 Nf6 4. cxd5 exd5 5. Bg5 Be7 6. e3 0-0 7. Bd3 Nc6 8. a3 Re8 9. Nge2 Ng4 10. Bf4 Bg5 11. h3 Nh6 12. 0-0 Bf5 13. Bxf5 Nxf5 14. Qb3 Bxf4 15. Nxf4 Nfe7 16. Ncxd5 Na5 17. Nxe7+ Qxe7 18. Qc3 Nc6 19. Rac1 Rac8 20. Nd3 Qd6 21. b4 a6 22. Nc5 Nd8 23. e4 Qg6 24. e5 c6 25. f4 Ra8 26. f5 Qh6 27. Ne4 b6 28. Qg3 Kh8 29. Nd6 Re7 30. Rc3 a5 31. f6 gxf6 32. Nf5 Qf8 33. Nxe7 Qxe7 34. exf6 Qf8 35. Re1 Ne6 36. Rxc6 axb4 37. axb4 b5 38. Rcxe6 fxe6 39. Qg7+ Qxg7 40. fxg7+ Kxg7 41. Rxe6 Ra4 42. Rb6 Rxb4 43. d5 Rb2 44. d6 Rd2 45. Rb7+ Kg6 46. d7 b4 47. Kf1 b3 48. Ke1 Rd4 49. Ke2 b2 50. Rb6+ Kf7 51. Rxb2 Rxd7 52. Rb6 Kg7 53. Kf2 Rd2+ 54. Kg1 Rd1+ 55. Kh2 Rd3 56. h4 Rd4 57. Kh3 Rd2 58. h5 h6 59. g3 Rd5 60. g4 Rd3+ 61. Kg2 Rc3 62. Rg6+ Kh7 63. Rf6 Kg7 64. Rf3 Rc4 65. Kg3 Rb4 66. Rd3 Ra4 67. Rd7+ Kg8 68. Re7 Rb4 69. Kf3 Ra4 70. Re4 Ra1 71. Kf4 Rf1+ 72. Ke5 Kg7 73. Kd6 Rd1+ 74. Ke7 Rf1 75. Re6 Rf7+ 76. Kd6 Rf6 77. Ke5 Rf1 78. Rg6+ Kh7 79. Ke6 Ra1 80. Rf6 Ra6+ 81. Kf5 Ra5+ 82. Ke4 Ra4+ 83. Kf3 Ra3+ 84. Kg2 Ra2+ 85. Kg3 Ra3+ 86. Rf3 Ra7 87. Rf5 Kg7 88. Re5 Ra3+ 89. Kf4 Ra4+ 90. Kf5 Ra7 91. Re6 Rf7+ 92. Ke5 Rf1 93. Re7+ Kg8 94. Ke6 Rf4 95. Ra7 Rxg4 96. Kf6 Rg5 97. Ra8+ Kh7 98. Ra7+ Kg8 99. Ra8+ Kh7 100. Ra7+ 1/2-1/2

[Event "Quebec Montcalm op 6 2016-17"]
[Site "Quebec"]
[Date "2017.04.06"]
[Round "3"]
[White "Dube, Daniel"]
[Black "Lessard, Claude"]
[Result "1/2-1/2"]
[WhiteElo "1936"]
[BlackElo "2112"]
[PlyCount "90"]
[EventDate "2017.03.23"]
[EventType "swiss"]
[EventRounds "5"]
[EventCountry "CAN"]
[SourceTitle "EXT 2022"]
[Source "ChessBase"]
[SourceDate "2021.10.06"]
[SourceVersion "1"]
[SourceVersionDate "2021.10.06"]
[SourceQuality "1"]

1. d4 c5 2. d5 d6 3. c4 Nf6 4. Nc3 g6 5. e4 b5 6. cxb5 a6 7. bxa6 Bg7 8. h3 0-0 9. Nf3 Qb6 10. Be2 Bxa6 11. 0-0 Nbd7 12. Bxa6 Qxa6 13. Re1 Rfb8 14. Re2 Nh5 15. Rc2 Ne5 16. Nxe5 Bxe5 17. g3 Rb4 18. Qe2 Nf6 19. Bg5 Qxe2 20. Rxe2 Rxb2 21. Rxb2 Bxc3 22. Rab1 Bxb2 23. Rxb2 Kg7 24. f3 h6 25. Be3 Ra3 26. Kf2 g5 27. Rc2 Kg6 28. Bc1 Ra4 29. a3 Nd7 30. Bb2 f6 31. Ke2 Kf7 32. Kd2 h5 33. g4 hxg4 34. hxg4 Nf8 35. Kc3 Ng6 36. Kb3 Ra8 37. a4 Ke8 38. Bc3 Kd7 39. a5 Kc7 40. Ka4 Nh4 41. Rf2 Kd7 42. Rf1 Ng6 43. Kb5 Rb8+ 44. Ka4 Ra8 45. Kb5 Rb8+ 1/2-1/2

[Event "Ste Foy Morphy"]
[Site "Ste Foy"]
[Date "2017.03.04"]
[Round "2"]
[White "Gingras, Philippe"]
[Black "Dube, Daniel"]
[Result "1-0"]
[WhiteElo "1818"]
[BlackElo "1901"]
[PlyCount "54"]
[EventDate "2017.02.25"]
[EventType "swiss"]
[EventRounds "5"]
[EventCountry "CAN"]
[SourceTitle "EXT 2022"]
[Source "ChessBase"]
[SourceDate "2021.10.06"]
[SourceVersion "1"]
[SourceVersionDate "2021.10.06"]
[SourceQuality "1"]

1. d4 g6 2. c4 Bg7 3. Nc3 d6 4. e4 e5 5. dxe5 Bxe5 6. f4 Bxc3+ 7. bxc3 Nf6 8. Bd3 0-0 9. Nf3 Bg4 10. 0-0 Re8 11. h3 Bxf3 12. Qxf3 Nfd7 13. Bc2 Na6 14. f5 Ne5 15. Qg3 Nc5 16. fxg6 fxg6 17. Bh6 Nf7 18. Be3 Qe7 19. Rf4 Rf8 20. Raf1 Ne5 21. Rxf8+ Rxf8 22. Rxf8+ Qxf8 23. Bxc5 Nxc4 24. Bb3 b5 25. Bf2 c5 26. Qd3 Qf7 27. Bxc4 Qxc4 1-0